Accountability horizontal /

Spremljeno u:
Bibliografski detalji
Glavni autor: O'Donnell, Guillermo
Format: Tekst
Oznake: Dodaj oznaku
Bez oznaka, Budi prvi tko označuje ovaj zapis!

MARC

LEADER 00000 a a2200000 04500
001 43387
003
040
100 |a O'Donnell, Guillermo  
245 |a Accountability horizontal /  |c Guillermo O'Donnell  
773 |g páginas 234-263  
999 |c 31156  |d 31156